Liverpool FC Results 2015/16 - Statistics

General Stats
  • This quiz has been taken 2 times
  • The average score is 65 of 96
Answer Stats
Match Score and Scorers % Correct
24/8: Arsenal vs Liverpool 0-0
100%
17/10: Tottenham vs Liverpool 0-0
100%
9/8: Stoke vs Liverpool 0-1
100%
30/12: Sunderland vs Liverpool 0-1
100%
29/8: Liverpool vs West Ham 0-3
100%
17/8: Liverpool vs Bournemouth 1-0
100%
29/9: Liverpool vs Swansea 1-0
100%
26/12: Liverpool vs Leicester 1-0
100%
20/9: Liverpool vs Norwich 1-1
100%
4/10: Everton vs Liverpool 1-1
100%
25/10: Liverpool vs Southampton 1-1
100%
8/9: Liverpool vs Crystal Palace 1-2
100%
31/10: Chelsea vs Liverpool 1-3
100%
21/9: Man city vs Liverpool 1-4
100%
6/12: Newcastle vs Liverpool 2-0
100%
2/1: West Ham vs Liverpool 2-0
100%
13/12: Liverpool vs West Brom 2-2
100%
20/12: Watford vs Liverpool 3-0
100%
12/9: Man united vs Liverpool 3-1
100%
26/9: Liverpool vs Aston Villa 3-2
100%
13/1: Liverpool vs Arsenal 3-3
100%
Benteke
100%
Benteke
100%
Benteke
100%
Benteke
100%
Benteke
100%
Benteke
100%
Coutinho
100%
Coutinho
100%
Coutinho
100%
Coutinho (2)
100%
Firmino
100%
Firmino (2)
100%
Henderson
100%
Ings
100%
Ings
100%
Milner
100%
Milner
100%
O.G
100%
Origi
100%
Skrtel
100%
Sturridge (2)
100%
17/1: Liverpool vs Man united 0-1
50%
14/2: Aston Villa vs Liverpool 0-6
50%
2/4: Liverpool vs Tottenham 1-1
50%
6/3: Crystal Palace vs Liverpool 1-2
50%
17/4: Bournemouth vs Liverpool 1-2
50%
2/2: Leicester vs Liverpool 2-0
50%
6/2: Liverpool vs Sunderland 2-2
50%
23/4: Liverpool vs Newcastle 2-2
50%
2/3: Liverpool vs Man city 3-0
50%
1/5: Swansea vs Liverpool 3-1
50%
20/3: Southampton vs Liverpool 3-2
50%
20/4: Liverpool vs Everton 4-0
50%
10/4: Liverpool vs Stoke 4-1
50%
23/1: Norwich vs Liverpool 4-5
50%
Allen
50%
Benteke
50%
Can
50%
Clyne
50%
Coutinho
50%
Coutinho
50%
Coutinho
50%
Firmino
50%
Firmino
50%
Firmino
50%
Firmino
50%
Firmino (2)
50%
Henderson
50%
Lallana
50%
Lallana
50%
Lallana
50%
Lallana
50%
Milner
50%
Milner
50%
Milner
50%
Moreno
50%
Origi
50%
Origi
50%
Origi (2)
50%
Sakho
50%
Sturridge
50%
Sturridge
50%
Sturridge
50%
Sturridge
50%
Sturridge
50%
Sturridge
50%
Toure
50%
11/5: Liverpool vs Chelsea 1-1
0%
15/5: West Brom vs Liverpool 1-1
0%
8/5: Liverpool vs Watford 2-0
0%
Allen
0%
Benteke
0%
Benteke
0%
Firmino
0%
Ibe
0%
No matching quizzes found
Score Distribution
Percent of People with Each Score
Percentile by Number Answered
Your Score History
You have not taken this quiz